header

Shuva (Record no. 199211)

MARC details
000 -LEADER
fixed length control field 01403nam a2200373Ia 4500
082 04 - DEWEY DECIMAL CLASSIFICATION NUMBER
Classification number 296.09
100 1# - MAIN ENTRY--AUTHOR NAME
Personal name Kurtzer, Yehuda.
245 10 - TITLE STATEMENT
Title Shuva
260 ## - PUBLICATION, DISTRIBUTION, ETC. (IMPRINT)
Place of publication Waltham, Mass. :
Name of publisher Brandeis University Press,
Year of publication c2012.
300 ## - PHYSICAL DESCRIPTION
Number of Pages xiv, 168 p.
650 #0 - SUBJECT ADDED ENTRY--TOPICAL TERM
Topical Term Commandments (Judaism)
Topical Term Holocaust, Jewish (1939-1945)
Topical Term Judaism
Topical Term Love
Topical Term Memory
Topical Term Repentance
856 40 - ELECTRONIC LOCATION AND ACCESS
Uniform Resource Identifier http://site.ebrary.com/lib/rucke/Doc?id=10551849

No items available.

© 2026 Rongo University
Contact us: librarian | system librarian | Rongo university